| 000 | 01424nam a2200325Ia 4500 | ||
|---|---|---|---|
| 001 | ebr10053392 | ||
| 003 | CaPaEBR | ||
| 006 | m u | ||
| 007 | cr cn||||||||| | ||
| 008 | 040626s2002 maua gsb 001 0 eng d | ||
| 020 | _z0306476185 | ||
| 040 |
_aCaPaEBR _cCaPaEBR |
||
| 035 | _a(OCoLC)52413246 | ||
| 050 | 1 | 4 |
_aTK7874 _b.W358 2002eb |
| 100 | 1 |
_aWang, Albert Z. H., _d1962- |
|
| 245 | 1 | 0 |
_aOn-chip ESD protection for integrated circuits _h[electronic resource] : _ban IC design perspective / _cby Albert Z.H. Wang. |
| 260 |
_aBoston, Mass. : _bKluwer Academic, _c2002. |
||
| 300 |
_axvi, 303 p. : _bill. |
||
| 490 | 1 |
_aThe Kluwer international series in engineering and computer science ; _v663 |
|
| 504 | _aIncludes bibliographical references and index. | ||
| 533 |
_aElectronic reproduction. _bPalo Alto, Calif. : _cebrary, _d2009. _nAvailable via World Wide Web. _nAccess may be limited to ebrary affiliated libraries. |
||
| 650 | 0 |
_aIntegrated circuits _xDesign and construction. |
|
| 650 | 0 |
_aIntegrated circuits _xProtection. |
|
| 650 | 0 |
_aElectric discharges _xPrevention. |
|
| 650 | 0 | _aElectrostatics. | |
| 655 | 7 |
_aElectronic books. _2local |
|
| 710 | 2 | _aebrary, Inc. | |
| 830 | 0 |
_aKluwer international series in engineering and computer science ; _vSECS 663. |
|
| 856 | 4 | 0 |
_uhttp://site.ebrary.com/lib/rucke/Doc?id=10053392 _zAn electronic book accessible through the World Wide Web; click to view |
| 999 |
_c65651 _d65651 |
||